| 000 | 01050cam a2200229 4500 | ||
|---|---|---|---|
| 008 | 040602n2004 000 0 eng u | ||
| 020 | _a0947819835 | ||
| 035 | _a(Sirsi) u126358 | ||
| 041 | _aeng | ||
| 050 |
_a745.1 _c18 |
||
| 100 | _aGoodison, Nicholas | ||
| 245 |
_aGoodison review _bsecuring the best for our museums - private giving and government support |
||
| 260 |
_aLondon _bHM Treasury _c2004 |
||
| 520 | _aThis report sets out guidelines to help museums and galleries acquire important works of art that might otherwise be sold abroad. Recommendations cover public collections and funding; private owners and donors; accessibility; the export review system; and publicity. View at www.hm-treasury.gov.uk. | ||
| 650 | _aGOODISON REVIEW | ||
| 650 | _aMUSEUMS | ||
| 650 | _aWORKS OF ART | ||
| 650 | _aGALLERIES | ||
| 690 |
_aArts and antiques _96217 |
||
| 856 |
_uhttps://www.hm-treasury.gov.uk/consultations_and_legislation/goodison_review/consult_goodison_index.cfm _zView the report on the HM Treasury website... |
||
| 942 | _n0 | ||
| 999 |
_c103610 _d103610 |
||